[Event "EICC 2017"]
[Site "Minsk"]
[Date "2017.05.31"]
[Round "2"]
[White "Baron, Tal"]
[Black "Riazantsev, Alexander"]
[Result "1/2-1/2"]
[WhiteElo "2540"]
[BlackElo "2659"]
[Annotator "TA"]
[PlyCount "83"]
[EventDate "2017.??.??"]
[EventCountry "BLR"]
[SourceTitle "playchess.com"]
[Source "ChessBase"]
[SourceQuality "1"]

{[%evp 9,83,33,26,27,53,49,54,45,44,39,68,67,65,54,66,0,52,41,129,127,127,153,146,108,156,155,152,135,143,115,138,100,252,246,233,244,241,229,292,274,315,305,347,175,184,84,91,98,108,104,111,102,201,43,43,40,30,47,54,48,33,35,57,57,81,0,0,0,0,0,0,0,0,0,0,0]} 1. e4 c6 2. d4 d5 3. e5 Bf5 4. h4 h6 5. g4 Bd7 6. Nc3 {B12: Caro-Kann: Advance Variation} (6. Be3 Qb6 7. Nd2 e6 8. Nb3 Na6 9. h5 c5 10. dxc5 Nxc5 11. Nf3 Qc7 12. c3 b6 13. Nbd4 a6 {½-½ (56) Nepomniachtchi,I (2767)-Dreev,A (2652) Doha 2016}) 6... Qb6 7. Na4 Qa5+ 8. c3 {White is slightly better.} e6 9. f4 $146 ({Predecessor:} 9. b4 Qc7 10. Nf3 a5 11. Bd2 axb4 12. cxb4 b6 13. Rb1 {1-0 (28) Simmelink,J (2306)-Gallet,G (2143) Chessfriend.com 2005}) 9... Qc7 10. h5 b6 11. b3 $36 {[%mdl 2048] White has some pressure.} c5 12. Nb2 (12. Nf3 $14) 12... b5 (12... Nc6 $11) 13. Ne2 c4 (13... Nc6 $14) 14. Bg2 $16 Nc6 15. O-O Nge7 16. Bd2 Nc8 17. f5 Nb6 18. Qc2 O-O-O 19. Rf2 Ba3 20. Nd1 f6 $2 (20... Be7 $16) 21. exf6 $18 gxf6 22. fxe6 Bxe6 23. Ne3 (23. Rxf6 $6 Bxg4 24. Qg6 (24. Bxh6 Nd7 $11) 24... Rdg8) 23... Bd6 24. Raf1 Qd7 25. Rxf6 Rhg8 26. Nf4 ({Don't do} 26. Rxh6 Bxg4 27. Rff6 Bc7) (26. Nf5 $142) 26... Bxg4 27. Nexd5 (27. bxc4 $1 $18 {is more deadly.} Bxf4 28. R1xf4) 27... Nxd5 $16 28. Nxd5 Be2 {( -> ...Rxg2+!)} 29. R1f2 ({Wrong is} 29. Bxh6 $2 Rxg2+ $1 {[%mdl 512]} 30. Kxg2 Qg4+ 31. Kf2 Bd3 $19) 29... Bd3 30. Qd1 Qh3 {[#]} (30... Be4 $16 {might work better.} 31. Rg6 Bxg6) 31. Bf4 $2 (31. Nf4 $1 $18 {[%cal Rf4h3]} Bxf4 32. Rxc6+ Kd7 33. Bxf4 Rxg2+ 34. Rxg2 Kxc6 35. Qe1 (35. Bxh6 $2 Be4 $19)) 31... Be4 $1 $14 {[%cal Rg8g2]} 32. Rg6 Rxg6 33. hxg6 Bxg2 34. Rxg2 {aiming for Bxd6.} Bxf4 35. Nxf4 Qe3+ 36. Rf2 {And now Qg4+ would win.} Qg3+ 37. Kf1 (37. Ng2 $16) 37... Ne5 $1 $11 {The position is equal.} 38. Qh5 Ng4 $1 {[%csl Gg4][%cal Rg3f2]} 39. Qc5+ Kb8 {[%csl Gg4][%cal Rg3f2]} 40. Qxb5+ Ka8 {[%csl Gg4][%cal Rg3f2]} 41. Qc6+ Kb8 {[%csl Gg4][%cal Rg3f2]} 42. Qb5+ {Precision: White = 50%, Black = 29%.} 1/2-1/2

[Event "EICC 2017"]
[Site "Minsk"]
[Date "2017.05.31"]
[Round "2"]
[White "Alonso Rosell, Alvar"]
[Black "Kovalenko, Igor"]
[Result "0-1"]
[WhiteElo "2536"]
[BlackElo "2657"]
[Annotator "TA"]
[PlyCount "116"]
[EventDate "2017.??.??"]
[EventCountry "BLR"]
[SourceTitle "playchess.com"]
[Source "ChessBase"]
[SourceQuality "1"]

{[%evp 21,116,0,0,-7,0,0,-11,-6,45,52,66,47,62,54,47,30,72,76,76,76,137,126,140,137,172,149,164,150,148,74,74,74,74,76,75,39,98,0,0,0,0,0,0,-7,0,-10,-7,-6,0,0,0,0,0,0,0,0,0,0,25,0,0,0,0,0,0,0,0,0,0,0,48,-1156,-1156,-942,-1147,-1137,-1105,-1003,-914,-1150,-1160,-1136,-1142,-1133,-1081,-584,-584,-1142,-1133,-1133,-1118,-995,-910,-1947,-1103,-1041,-1000]} 1. e4 c5 2. Nf3 Nc6 3. Bb5 g6 4. Bxc6 bxc6 5. O-O Bg7 6. c3 Nf6 7. Re1 O-O 8. d4 d5 9. e5 Ne4 10. Nbd2 cxd4 11. cxd4 c5 12. Nxe4 {B31: Sicilian: 2...Nc6 3 Bb5 g6} (12. dxc5 Nxc5 13. Nb3 Ne4 14. h3 a5 15. Nbd4 Qb6 16. Qb3 Qxb3 17. axb3 Bd7 18. Bf4 Rfc8 19. Rec1 Rxc1+ 20. Rxc1 {0-1 (55) Rozentalis,E (2565)-Durarbayli,V (2612) Baku 2016}) 12... dxe4 13. Rxe4 Bb7 14. Re1 {The position is equal.} c4 $146 ({Better is} 14... cxd4 $11 15. Qxd4 Qxd4 16. Nxd4 Rfd8) ({Predecessor:} 14... Bxf3 15. Qxf3 cxd4 16. Qd3 {½-½ (16) Vertongen,W (2312)-Le Page,C (2375) ICCF email 2010}) 15. Ng5 {[%cal Bf3g5,Bg5e4,Be4c5][%mdl 32]} Qd5 {[%csl Gb7][%cal Rd5g2] [#]} 16. f3 Rab8 17. Be3 Bc8 18. Qc2 Bf5 19. Ne4 Rb7 20. Rad1 Rd8 {[#]} (20... Rfb8 $142) 21. Bd2 $1 $16 h5 22. Bc3 Bh6 23. Qe2 Rb6 24. Nc5 Rdb8 25. b3 (25. h3 $142) 25... cxb3 26. axb3 Rxb3 27. Nxb3 Rxb3 28. Bb2 Be3+ (28... a5 $14) 29. Qxe3 (29. Kh1 $16) 29... Rxe3 $11 30. Rxe3 a5 31. Ba3 Kf8 32. Rc3 Qa2 33. Kf1 g5 34. d5 $1 Bc2 35. Rc1 Ba4 36. d6 exd6 37. exd6 Kg7 38. Bc5 Kg6 39. Kg1 Qd2 40. Ba3 f6 (40... f5 {is interesting.} 41. h3 g4 42. fxg4 fxg4 43. hxg4 Qd4+) 41. h3 Bd7 42. Kh1 Bf5 43. Rc4 h4 44. Bc5 Bd3 45. R4c3 {Threatens to win with Be3!} g4 {[%cal Bg5g4,Bg4h3,Bh3g2][%mdl 32] White must now prevent ...gxf3.} 46. Rxd3 $4 {[%mdl 8192]} (46. Be3 $14 Qxe3 47. Rd1 gxh3 48. Rcxd3 hxg2+ 49. Kxg2 Qg5+ 50. Kf1) 46... Qxc1+ $14 {[%mdl 4096] Endgame KQ-KRB. Black is clearly winning.} 47. Bg1 gxh3 {aiming for ...Qc2.} 48. Rd4 Qf1 {[%csl Gh3][%cal Rf1g2]} 49. Rg4+ Kh5 50. d7 hxg2+ 51. Kh2 Qd1 52. Rg7 Kh6 53. Rg4 Qxd7 54. Rxh4+ Kg6 55. Kxg2 a4 {[%cal Ba5a4,Ba4a3][%mdl 32]} 56. Rg4+ Kf7 57. Rf4 a3 58. Bd4 Qd6 {Precision: White = 55%, Black = 59%.} 0-1

[Event "EICC 2017"]
[Site "Minsk"]
[Date "2017.05.31"]
[Round "2"]
[White "Steinberg, Nitzan"]
[Black "Jones, Gawain C B"]
[Result "0-1"]
[WhiteElo "2532"]
[BlackElo "2654"]
[Annotator "TA"]
[PlyCount "80"]
[EventDate "2017.??.??"]
[EventCountry "BLR"]
[SourceTitle "playchess.com"]
[Source "ChessBase"]
[SourceQuality "1"]

{[%evp 14,80,7,4,20,8,0,7,10,0,0,0,1,0,9,0,3,-2,7,-43,-41,-76,-26,-11,0,0,0,-34,0,-43,-17,-27,-25,-47,-42,-50,-35,-41,-39,-104,-99,-120,-147,-155,-102,-102,-102,-143,-68,-53,-58,-51,-57,-86,-90,-81,-67,-70,-64,-87,-89,-163,-161,-177,-171,-282,-216,-385,-376]} 1. e4 e5 2. Nf3 Nc6 3. Bb5 {[%cal Bf1b5,Bb5a4,Ba4b3][%mdl 32]} a6 4. Ba4 Nf6 5. O-O b5 6. Bb3 Bc5 7. Nc3 O-O 8. d3 d6 {C78: Ruy Lopez: Archangelsk and Möller Defences} (8... h6 9. Nd5 d6 10. a4 Rb8 11. axb5 axb5 12. Be3 Nxd5 13. exd5 Bxe3 14. fxe3 Ne7 15. e4 Ng6 16. Qd2 {0-1 (38) Dominguez Perez,L (2732)-Ding,L (2766) Huaian 2016}) 9. Nd5 Nxd5 10. Bxd5 Bd7 {The position is equal.} 11. c3 Rb8 12. d4 $146 ({Predecessor:} 12. b4 Bb6 13. Be3 Ne7 14. Bb3 Ng6 15. d4 a5 16. a3 {1-0 (72) Steinberg,N (2476)-Soffer,R (2488) Tiberias 2016}) 12... Bb6 13. Be3 Qf6 14. a4 exd4 15. cxd4 Nb4 16. Bb3 Bg4 17. a5 Ba7 (17... Bxf3 $5 18. gxf3 Ba7 $15) 18. Rc1 c5 19. dxc5 dxc5 20. e5 Qg6 {White must now prevent ...Rbd8.} 21. h3 Bxh3 {[%csl Gh3][%cal Rg6g2]} (21... Be6 {feels hotter.} 22. Nh4 Qe4 23. Bxe6 fxe6 24. Qd7 Rf7) 22. Nh4 Qg4 23. Qxg4 Bxg4 24. Bxc5 Bxc5 25. Rxc5 Nd3 26. Rd5 ({White should play} 26. Rc3 $15 Rbd8 27. Rc6) 26... Rfd8 $17 27. Rxd8+ Rxd8 28. f4 Be2 (28... Kf8 $142 29. Nf3 Nxb2) 29. Rb1 Nxf4 {And now ...Rd3 would win.} 30. Rc1 Nd3 (30... g5 $1 $17 {[%cal Rg5h4]} 31. Nf5 Bg4 32. Nh6+ Kg7) 31. Rc6 $15 Nxe5 32. Rxa6 g6 33. Rb6 {[#]} Ra8 $1 34. Kf2 Bd3 35. a6 {Black should prevent Bd5.} b4 36. Rxb4 Bxa6 37. Ke3 {[#]} (37. Kg3 $17) 37... Re8 $1 $19 {Hoping for ...Nd3+.} 38. Kd2 Rd8+ 39. Kc2 (39. Ke3 $142) 39... Be2 40. g3 $2 (40. Kb1 {was necessary.}) 40... Rd3 {Precision: White = 33%, Black = 71%.} 0-1

[Event "EICC 2017"]
[Site "Minsk"]
[Date "2017.05.31"]
[Round "2"]
[White "Alsina Leal, Daniel"]
[Black "Kravtsiv, Martyn"]
[Result "1/2-1/2"]
[WhiteElo "2530"]
[BlackElo "2653"]
[Annotator "TA"]
[PlyCount "258"]
[EventDate "2017.??.??"]
[EventCountry "BLR"]
[SourceTitle "playchess.com"]
[Source "ChessBase"]
[SourceQuality "1"]

{[%evp 25,258,0,0,2,7,9,21,27,22,21,39,38,66,34,41,43,31,22,35,0,46,-3,64,62,49,0,11,-31,-18,-28,0,0,0,0,0,-24,-17,-25,-25,-25,-25,-39,-24,-26,-7,-12,-13,-13,-12,-8,-9,-14,-26,-36,-8,-22,0,-36,-8,-12,0,-25,0,-36,-28,-20,-8,-22,0,-23,-30,-31,-24,-29,-14,-14,0,0,12,0,0,-1,0,0,22,0,0,0,0,0,0,-16,0,0,0,0,0,0,3,12,12,0,0,0,0,0,0,0,0,0,0,0,0,0,0,0,0,0,0,0,0,0,0,0,0,0,0,0,0,0,0,0,0,0,0,0,0,0,0,0,0,0,0,-2,0,0,0,-2,-2,-2,-2,-2,-4,-2,-2,-3,-3,-4,-4,-4,-4,-8,-8,-8,-8,-8,-8,-8,-8,-8,-8,-29,-8,-29,-29,-29,-29,-66,-66,-66,-29,-29,-29,-29,-29,-66,-29,-29,-29,-42,-42,-42,-50,-50,-24,-50,-50,-66,-66,-66,-66,-66,-29,-29,-29,-66,-29,-66,-29,-29,-29,-29,-29,-29,-29,-29,-29,-66,0,-66,0,-66,-66,-66,-66,-66,-66,-66,-8,-8,-8,-8,8,8,8]} 1. e4 e5 2. Nf3 Nc6 3. Bb5 {[%cal Bf1b5,Bb5a4,Ba4b3][%mdl 32]} a6 4. Ba4 Nf6 5. O-O Be7 6. d3 b5 7. Bb3 d6 8. a3 O-O 9. Nc3 Na5 {C77: Ruy Lopez: 3...a6 4 Ba4 Nf6, unusual lines} (9... Nb8 10. a4 b4 11. Nd5 Nxd5 12. Bxd5 c6 13. Bb3 Nd7 14. Be3 Bb7 15. a5 d5 16. d4 dxe4 17. Nxe5 {1-0 (42) Adams,M (2747)-Inarkiev,E (2727) Moscow 2017}) 10. Ba2 Be6 11. Bxe6 fxe6 12. b4 Nc6 13. Bd2 d5 {LiveBook: 6 Games} 14. Re1 Qd6 15. Na2 {[%cal Bc3a2,Ba2c1,Bc1b3][%mdl 32]} Nd7 16. Qe2 Bf6 17. Rab1 $146 ({Predecessor:} 17. Bc3) 17... Nb6 18. Nc1 d4 19. Nb3 Na4 20. Rf1 Rf7 21. g3 Raf8 22. Kg2 Nd8 23. Ng1 Nb7 (23... Be7 $11) 24. f4 $14 exf4 25. Rxf4 c5 (25... e5 $5 {[%cal Re5f4]} 26. Rf2 Nd8 $11) 26. Rbf1 (26. e5 $5 Qd5+ 27. Qe4 Qxe5 28. Qxe5 Bxe5 29. Rxf7 Kxf7 30. Nf3 $14) 26... e5 (26... c4 $5 27. e5 (27. dxc4 bxc4 28. Qxc4 Rc7 $15) 27... Qxe5 28. Qxe5 Bxe5 29. Rxf7 Rxf7 $11) 27. R4f2 Qe6 (27... c4 $5 28. dxc4 bxc4 29. Qxc4 Nb2 $11) 28. bxc5 Nbxc5 29. Nxc5 Nxc5 30. Bb4 Rc8 31. Qh5 Rfc7 32. Nf3 Nd7 33. Ne1 Nf8 34. Qg5 {[%cal Rf2f6]} Rf7 35. Qh5 Ng6 36. Ba5 Rd7 {[%cal Bf7d7,Bd7d6,Bd6c6,Bc6c7][%mdl 32]} 37. Nf3 Rd6 38. Bb4 Rdc6 39. Ne1 R6c7 40. Ba5 Rc6 41. Bb4 Nh8 42. Qd1 Nf7 43. Qh5 Qe8 44. h3 (44. Qg4 $5 {[%cal Rf2f6]} Nh6 45. Qe2 $11) 44... Qe6 45. Bd2 Qe7 46. Qg4 Qe6 47. Qh5 Nh8 48. Bb4 Ng6 49. Qd1 R6c7 50. Ba5 Rf7 51. Bd2 $1 Rd7 52. Bb4 Rf7 53. Bd2 Rcc7 {[%cal Bc8c7,Bc7d7,Bd7d8][%mdl 32]} 54. Ba5 (54. a4 $5) 54... Rcd7 55. Bb4 Ne7 56. Nf3 {Strongly threatening Ng5!} Nc6 57. Bd2 Be7 58. Bc1 Rd8 59. Ng5 Rxf2+ 60. Rxf2 Bxg5 61. Bxg5 Rf8 (61... Rb8 {feels hotter.} 62. Bd2 a5 63. Rf1 h6 64. Qa1 b4) 62. Rxf8+ Kxf8 63. Qb1 Ke8 64. Bd2 Nd8 65. Qb3 Kd7 66. Qxe6+ Kxe6 $11 {[%mdl 4096] Endgame KB-KN} 67. Kf3 Nc6 68. Ke2 Kd6 69. Bb4+ Ke6 70. Kd2 Ne7 71. Bc5 Nc6 72. c3 dxc3+ 73. Kxc3 g6 74. Kb3 Kf6 75. a4 Ke6 76. axb5 axb5 77. Kc3 Kd7 78. Kb3 Kc7 79. Kc3 Kb7 80. Kb2 Ka6 81. Kb3 Ka5 82. Be3 b4 83. Bc5 Kb5 84. Bd6 Ka5 85. Bc5 Kb5 86. Bd6 Nd4+ 87. Kb2 Nf3 {Threatens to win with ...Ne1.} 88. Kb3 Ne1 89. Bxb4 Nxd3 90. Bd6 Nc5+ 91. Kc2 Nxe4 92. Bxe5 Kc4 93. Bc7 Kd4 {Hoping for ...Ke3.} 94. Bb6+ $1 Kd5 95. Kd3 Nxg3 96. Ke3 Nh5 97. Kf3 Ng7 98. Be3 Ne6 99. Bc1 Ke5 100. Bb2+ Kf5 101. Ba3 Nd4+ 102. Kg3 Ke4 103. Bb2 Ne6 104. Bc1 Kf5 105. Bb2 Kg5 106. Bc1+ Kh5 107. Bb2 Nc5 108. Ba3 Ne4+ 109. Kf3 Nd2+ 110. Kg3 Nc4 111. Be7 Ne3 {[#] White must now prevent ...Nf5+.} 112. Bd8 Nd5 113. Ba5 Kg5 114. Bd2+ Kf5 115. Bc1 Nc7 116. Bd2 Ke4 117. Bc1 Ne6 118. Ba3 h5 {[%cal Bh7h5,Bh5h4][%mdl 32]} 119. Be7 Nd4 {[#] And now ...Nf5+ would win.} 120. Bd8 Nf5+ 121. Kf2 Nd4 (121... Ng7 $15) 122. Be7 (122. Kg3 $1 $11) 122... Ne6 (122... Kf5 $15) 123. Bd6 (123. Kg3 $11) 123... h4 $15 124. Be7 g5 125. Kg2 Ke3 126. Bf6 Ke2 (126... Kf4 $1 $15) 127. Be7 $1 $11 {The position is equal.} Nf4+ 128. Kh2 Nxh3 (128... g4 $5 129. hxg4 Kf3 $11) 129. Kxh3 g4+ {Precision: White = 66%, Black = 54%.} 1/2-1/2

[Event "EICC 2017"]
[Site "Minsk"]
[Date "2017.05.31"]
[Round "2"]
[White "Gabrielian, Artur"]
[Black "Volokitin, Andrei"]
[Result "0-1"]
[WhiteElo "2525"]
[BlackElo "2649"]
[Annotator "TA"]
[PlyCount "114"]
[EventDate "2017.??.??"]
[EventCountry "BLR"]
[SourceTitle "playchess.com"]
[Source "ChessBase"]
[SourceQuality "1"]

{[%evp 12,114,-13,-11,-12,-17,-12,-10,25,-11,2,-15,-40,-63,-19,-58,-63,-60,-64,-51,-62,-62,-61,-114,-133,-154,-156,-157,-143,-179,-131,-140,-145,-138,-137,-148,-152,-161,-147,-176,-14,-63,-74,-68,-69,-58,-56,-58,-60,-125,-130,-110,-70,-63,-67,-116,-95,-149,-168,-212,-222,-205,-185,-262,-260,-357,-365,-486,-460,-552,-541,-577,-562,-538,-558,-547,-520,-949,-922,-895,-893,-1060,-945,-1087,-1022,-1044,-984,-2356,-1881,-1673,-1589,-818,-1630,-1572,-1066,-809,-631,-29975,-29976,-29975,-29976,-29978,-29980,-29972,-29980]} 1. d4 Nf6 2. c4 e6 3. Nc3 Bb4 4. Nf3 b6 5. Bg5 h6 6. Bh4 g5 7. Bg3 Ne4 {E21: Nimzo-Indian: 4 Nf3} 8. Qc2 f5 (8... Bb7 9. Nd2 Bxc3 10. bxc3 Nxg3 11. hxg3 d6 12. a4 a5 13. e4 Nd7 14. Be2 Qe7 15. Rb1 O-O-O 16. Bf3 f5 {½-½ (42) Onischuk,A (2662)-Karjakin,S (2762) Baku 2015}) 9. e3 h5 {The position is equal.} (9... Bxc3+ $5 10. bxc3 Bb7 $11) 10. Bd3 (10. Be5 $5 {[%cal Re5h8]} Bxc3+ 11. bxc3 $11) 10... Bb7 (10... Bxc3+ $5 11. bxc3 Bb7 $14) 11. d5 (11. h4 {is more complex.} g4 12. Ng5 Nxg5 13. hxg5 Qxg5 14. Bf1) 11... Bxc3+ 12. bxc3 Nxg3 13. hxg3 Qf6 14. e4 {[%cal Re4f5]} Na6 $1 15. exf5 O-O-O 16. Rd1 $146 ({Predecessor:} 16. O-O-O exd5 17. cxd5 Nc5 {0-1 (59) Lechtynsky,J (2361)-Burg,T (2481) Teplice 2013}) 16... Nc5 17. Be2 (17. O-O $15) 17... exf5 $17 18. Nd4 Rdf8 $1 19. Qc1 Ba6 20. Kf1 Qe7 21. Kg1 f4 22. gxf4 Rxf4 23. Rxh5 Rxh5 24. Bxh5 {[#]} Qh7 $1 {[%cal Rh7h5]} 25. Bf3 Rf8 $2 (25... Bxc4 $19 {Hoping for ...Rf8.} 26. g3 Rf8 27. Qxg5 {[#]} Rxf3 $1 {[%mdl 512]} 28. Nxf3 Be2) 26. Qc2 (26. Nb5 {looks sharper.} Nd3 27. Qc2 Rh8 28. g3 Qh2+ 29. Kf1) 26... Qxc2 27. Nxc2 Bxc4 28. Ne3 Rf4 29. Rd2 Ba6 30. Rd1 ({White should try} 30. Kh2 $15) 30... Ra4 31. Rd2 Ra3 32. c4 Nd3 33. d6 c6 34. Be4 (34. Bd1 $142) 34... Ne5 35. Rc2 Ra4 36. Rc3 Rxa2 ({Resist} 36... Bxc4 37. Bc2 $17) 37. c5 (37. Bc2 $142) 37... Rd2 $19 38. g4 Bd3 39. Bxd3 Rxd3 ({Weaker is} 39... Nxd3 40. cxb6 axb6 41. Nc4 $19) 40. Rxd3 Nxd3 41. cxb6 axb6 {[%cal Ba7b6,Bb6b5,Bb5b4][%mdl 4128] Endgame KN-KN} 42. Kf1 Kb7 43. Ke2 Ne5 44. f3 (44. Nf1 $142 Nxg4 45. Nd2) 44... c5 45. Nd5 Kc6 46. Nf6 b5 47. Ne4 Nf7 48. Ke3 b4 49. f4 gxf4+ 50. Kxf4 Nxd6 51. Nd2 Kd5 52. g5 Ke6 53. Nb3 c4 {[%cal Bc5c4,Bc4c3][%mdl 32]} 54. Nc5+ Kd5 {Black mates.} 55. g6 Ne8 56. Na4 c3 57. Ke3 Kc6 {Precision: White = 36%, Black = 75%.} 0-1

[Event "EICC 2017"]
[Site "Minsk"]
[Date "2017.05.31"]
[Round "2"]
[White "Sedlak, Nikola"]
[Black "Shimanov, Aleksandr"]
[Result "0-1"]
[WhiteElo "2523"]
[BlackElo "2642"]
[Annotator "TA"]
[PlyCount "70"]
[EventDate "2017.??.??"]
[EventCountry "BLR"]
[SourceTitle "playchess.com"]
[Source "ChessBase"]
[SourceQuality "1"]

{[%evp 11,70,-1,16,16,19,8,18,13,16,0,10,4,3,4,0,-6,4,-21,-5,-13,-3,-12,-2,-12,0,0,0,-15,0,-8,-20,-18,-45,-257,-252,-258,-268,-264,-261,-297,-289,-375,-387,-470,-464,-694,-692,-825,-854,-815,-495,-508,-483,-495,-473,-681,-662,-765,-732,-1114,-1104]} 1. d4 d5 2. Nf3 Nf6 3. Bf4 e6 4. e3 c5 5. Nbd2 Nc6 6. c3 cxd4 7. exd4 {D02: 1 d4 d5 2 Nf3 sidelines, including 2...Nf6 3 g3 and 2...Nf6 3 Bf4} Nh5 8. Be3 Bd6 9. Ne5 {The position is equal.} g6 10. g4 Ng7 11. h4 h5 (11... Nxe5 12. dxe5 Bxe5 13. Nf3 Bf6 14. h5 O-O {½-½ (30) Kamsky,G (2659)-Nakamura,H (2793) Saint Louis 2017}) 12. Bg5 Qb6 $146 ({Predecessor:} 12... Be7 13. Bxe7 Qxe7 14. Bb5 O-O 15. Bxc6 bxc6 {1-0 (24) Sedlak,N (2523)-Martinovic,S (2552) Mali Losinj 2017}) 13. Bf6 $132 {[%mdl 2048] White puts up resistance} Rg8 14. Qf3 {[#] Threatens to win with Nxf7.} Bxe5 $1 15. dxe5 hxg4 16. Qxg4 {Black must now prevent h5!} Nh5 $1 {[%cal Rh5f6]} 17. O-O-O Qxf2 18. Bg5 {Hoping for Bb5.} Qg3 19. Qa4 {[#] And now Bb5 would win.} Bd7 20. Bb5 Qxe5 {Strongly threatening ...f6.} 21. Bxc6 bxc6 22. Qb4 $2 (22. Rhf1 $15) 22... f6 $19 {[%cal Bf7f6,Bf6g5][%mdl 32]} 23. Nc4 Qb8 ({Don't take} 23... dxc4 24. Rxd7 Kxd7 25. Qb7+ Kd6 26. Rd1+ Qd5 27. Be3 $17) 24. Nd6+ Kd8 {...Qxb4 is the strong threat.} 25. Nf7+ Kc8 26. Qe7 fxg5 27. Rd4 {next Rb4 is good for White.} a5 {aiming for ...Ng3.Black is clearly winning.} 28. Rf1 (28. Re1 $142) 28... Ng3 29. Re1 Nf5 30. Qxg5 Qg3 31. Qxg3 Nxg3 32. Rg4 Nh5 33. Re5 (33. Reg1 $142) 33... Kc7 34. Nh6 Rh8 35. Rxg6 Nf4 {Precision: White = 59%, Black = 87%.} 0-1

[Event "EICC 2017"]
[Site "Minsk"]
[Date "2017.05.31"]
[Round "2"]
[White "Plat, Vojtech"]
[Black "Solak, Dragan"]
[Result "1-0"]
[WhiteElo "2522"]
[BlackElo "2641"]
[Annotator "TA"]
[PlyCount "189"]
[EventDate "2017.??.??"]
[EventCountry "BLR"]
[SourceTitle "playchess.com"]
[Source "ChessBase"]
[SourceQuality "1"]

{[%evp 33,189,29,25,0,0,0,0,0,0,0,0,-35,-45,-47,159,-22,0,0,0,0,197,199,181,177,266,266,264,269,397,366,402,391,531,555,957,947,901,337,350,336,318,120,100,51,43,53,118,112,254,167,137,113,150,169,225,225,218,209,154,117,111,72,136,138,133,139,214,185,354,343,322,121,146,133,133,133,244,247,247,247,247,247,247,247,287,126,133,0,263,265,287,279,279,279,235,133,133,0,279,274,272,272,272,272,272,272,272,270,265,265,254,218,218,218,218,217,212,206,568,437,520,397,401,340,344,292,918,759,2669,691,2382,2200,1901,1381,1787,1725,1150,696,1667,1768,1500,1436,1812,1586,29986,29987,29981,6095,5762,5762,5114,5114,29984,29985,29985,29986,29986,29987]} 1. e4 c6 2. d4 d5 3. Nd2 dxe4 4. Nxe4 Bf5 5. Ng3 Bg6 6. h4 h6 7. Nf3 Nd7 8. h5 Bh7 9. Bd3 Bxd3 10. Qxd3 e6 11. Bd2 Ngf6 12. O-O-O Be7 13. Kb1 O-O 14. Ne4 Nxe4 {B19: Classical Caro-Kann: 4...Bf5 main line} 15. Qxe4 Nf6 16. Qe2 Qd5 17. Ne5 Qe4 {LiveBook: 89 Games} (17... Qxg2 $2 18. Rdg1 $18) 18. Qc4 (18. Qxe4 Nxe4 19. Be3 Rfd8 20. g4 c5 21. f3 cxd4 22. Bxd4 {½-½ (30) Lenic,L (2640)-Ragger,M (2700) Austria 2017}) 18... Rfd8 (18... Qxg2 $2 19. Rdg1 $18) 19. Bc1 $146 ({Predecessor:} 19. Rhe1 Qd5 20. Qe2 b5 21. g4 Nh7 22. f4 Bf6 23. Bc1 a5 24. Nd3 b4 25. Be3 Qb5 26. Nc1 {½-½ (26) Bauer,R (2103)-Jussupow,N (2081) Bayern 2013}) 19... c5 {[%cal Rd8d4]} (19... Qxg2 $6 20. Rdg1 $16) 20. Rhe1 Qd5 21. Qe2 cxd4 22. c4 Qc5 (22... Qxg2 23. Nxf7 $1 {[%mdl 512]} Kxf7 24. Qxe6+ Kf8 25. Qxe7+ Kg8 26. Rg1 $16) 23. Rd3 {[%cal Bd1d3,Bd3g3,Bg3f3][%mdl 32]} Rd6 $2 (23... Rac8 $15 {keeps the upper hand.}) 24. Bf4 $2 (24. Bxh6 $1 $16 gxh6 25. Qd2) 24... Rad8 25. Rg3 Kf8 {Hoping for ...d3!} 26. Qd3 Nxh5 $2 {[#]} (26... Rb6 $11 27. Bd2 Rc8) 27. Qh7 $1 $18 {[%cal Rh7h8][%mdl 512]} Bf6 28. Nd3 $1 $40 {[%csl LRc5,LRd6][%mdl 128] White attacks with force.} Qa5 (28... Qf5 $142 29. Bxd6+ Rxd6 30. Qh8+ Ke7) 29. Bxd6+ Rxd6 30. Rf3 $1 (30. Qh8+ Ke7 $11) 30... Qg5 (30... Bg5 $142 31. c5 Rc6 32. Qh8+ Ke7) 31. Qh8+ Ke7 32. Qb8 Qxg2 33. Ne5 Rd7 {aiming for ...Bxe5.} 34. Qg8 (34. Nxd7 Qxf3 35. Nc5 Qf5+ 36. Ne4 g5 $14) 34... Kd6 35. Qf8+ $2 (35. Qb8+ Ke7 $18) (35. c5+ Kc7 36. c6 bxc6 37. Ra3) 35... Kc7 {intending ...Bxe5.} 36. Qc5+ ({Weaker is} 36. Nxd7 Qxf3 37. Nc5 (37. Qxf7 Qf5+ 38. Ka1 Bd8 $14) 37... Qf5+ 38. Ka1 Bh4 $16) 36... Kd8 37. Nxd7 $2 (37. Rf5 $1 $18 Bxe5 38. Qf8+ (38. Rfxe5 Nf6 $11) 38... Kc7 39. Rfxe5 (39. Qc5+ Kd8 $18)) 37... Qxf3 $16 38. Nxf6 Nxf6 39. Qxd4+ $18 {[%mdl 4096] Endgame KQR-KQN} Kc7 (39... Ke8 $14) 40. Qc5+ $16 Qc6 (40... Kd7 $16 {was necessary.}) 41. Qxa7 Nd7 42. Qe3 {Qf4+ is the strong threat.} e5 43. f4 {[%cal Bf2f4,Bf4e5][%mdl 32]} Kd8 (43... Qg6+ {keeps fighting.} 44. Ka1 Qe6 45. fxe5 g5) 44. fxe5 $18 Qxc4 45. Rd1 Ke8 46. Rc1 Qd5 47. Qg3 g5 (47... Nc5 $142) 48. Qh3 $16 Nxe5 49. Qxh6 Qe4+ (49... Nc4 $16 {is a better defense.}) 50. Ka1 $18 Qe3 $2 (50... Qf4 51. Rd1 Nf3) 51. Qh8+ Ke7 {[%cal Re3c1]} 52. Qh1 $2 (52. Rf1 $1 $18) 52... b6 53. Re1 Qd4 54. Rd1 Qe3 {[#]} (54... Qc5 $16 55. Rf1 g4) 55. Qh8 $1 Nd7 56. Qc8 Qe6 57. Qc7 g4 58. a3 f6 59. Rh1 (59. Kb1 $18 {has better winning chances.}) 59... Qe4 60. Rd1 (60. Rf1 $16) 60... Qe6 61. Qb7 Qf5 62. Qc6 Qe6 63. Qc7 Ke8 {[#]} 64. Qc8+ (64. Rd6 $1 $18 {[%cal Rd6e6]} Qf5 65. Rd2) 64... Ke7 $16 65. Qb7 (65. Qh8 $16) 65... Qf5 $1 $18 66. Re1+ Kd6 67. Qc8 Qd5 68. Qc2 {And now Rd1 would win.} Qf3 69. Rd1+ Ke6 70. Qc4+ Ke7 71. Rf1 Qg2 72. Re1+ Ne5 73. Qc7+ Ke6 74. Qxb6+ Kf5 {Now ...g3 and Black clings on.} 75. a4 Nf3 $2 (75... g3 {is more resistant.} 76. a5 Nf3 77. Qe6+ Kg5) 76. Qb5+ Kf4 77. Qb8+ Kg5 78. Qg8+ Kh4 79. Rc1 f5 $2 (79... Qd2 80. Qh7+ Kg5 81. Rc5+ Ne5) 80. Qh7+ Kg5 81. Qg7+ (81. Qe7+ $142 Kf4 82. a5) 81... Kf4 82. Qc7+ Kg5 83. Qe7+ Kf4 84. Qd6+ Kg5 85. Rc8 {Rg8+ would kill now.} Qh1+ 86. Ka2 {White wants to mate with Rg8+.} Qh7 87. a5 Qf7+ 88. b3 f4 89. Rf8 Qg7 90. Qxf4+ (90. Qd8+ $142 Kg6 91. Rg8 Kh7 92. Rxg7+ Kxg7 93. a6 Nd2 94. Qxd2 g3 95. a7) 90... Kh4 91. Qf6+ Qxf6 92. Rxf6 g3 93. Rxf3 {White mates.} g2 94. Rf8 g1=Q 95. Rh8+ {Precision: White = 59%, Black = 41%.} 1-0